000 01345nam a22002057a 4500
999 _c56960
_d56960
003 Ge_BSU
005 20191024101421.0
008 190902s2018 ge ||||| |||| 00| 0 geo d
020 _a9789941462719
041 _ageo
080 _a930 .22/27 (479.22 ) (075.8) ხ-34
100 _aხახუტაიშვილი , ნანა
_93854
245 _aსაქართველოს ისტორიის წყაროთმცოდნეობა და ისტორიოგრაფია I :
_bსაქართველოს ისტორიის წყაროთმცოდნეობა (ანტიკური ხანა - XVIII სს ) სახელმძღვ . /
_cნანა ხახუტაიძვილი ; რედ : ნანა ხაზარაძე .
264 _aბათუმი :
_bბათუმის შოთა რუსთაველის სახელმწიფო უნ-ტი ,
_c2018..
300 _a381 გვ .:
_c24 სმ.
653 _aისტორია
653 _aისტორიული მეცნიერება დამხმარე საისტორიო მეცნიერებები
700 _aხაზარაძე , ნანა
_eრედაქტორი
_93855
942 _2udc
_cBK